000 00424nam a22001457a 4500
020 _a0534597870
082 _a150
100 _aDennis Coon
245 _aEssentials of psychology
250 _a9th ed.
260 _aAustralia
_bThomson wardsworth
_c2003
300 _a623p
942 _cBK
999 _c2861
_d2861